| 000 | 00437nam a2200169Ia 4500 | ||
|---|---|---|---|
| 008 | 230711s9999||||xx |||||||||||||| ||und|| | ||
| 020 | _a978-0-07-014455-2 | ||
| 041 | _aENG | ||
| 082 |
_a621.319 _bPA-E |
||
| 100 | _aPabla,A.S | ||
| 245 | 0 | _aElectric power distribution systems | |
| 250 | _a6th Ed. | ||
| 260 |
_c2011 _aNew Delhi _bTata McGraw Hill Education Limited |
||
| 300 | _a1008 | ||
| 650 | _aElectrical Engineering | ||
| 942 | _cBK | ||
| 999 |
_c701 _d701 |
||